000 01047nac a22003257a 4500
001 BR9603933
003 BR-BrBNA
005 20240105121758.0
008 230509b bl.|||m| |||| 00| 0 por d
040 _aBR-BrBNA
_bpor
_cBiblioteca Nacional de Agricultura
072 _aF06
090 _aF06 BR9603933
100 1 _aPruski, F.F.
100 1 _aFurukawa, C.
100 1 _aCosta, L.M. da
100 1 _aFontes, L.E.F.
100 1 _aMedina Netto, A.
110 1 _aAssociacao dos Engenheiros Agricolas de Minas Gerais, Vicosa (Brasil)
_9584
245 1 _aAnalise do escoamento superficial, sob condicoes de irrigacao, em solos com e sem cobertura
260 3 _aVicosa, MG (Brasil):
_c1992.
300 _a6 p.
490 _aEngenharia na Agricultura. Serie Irrigacao e Drenagem (Brazil)
_vv. 1(4)
_x
500 _aSummaries (En, Pt); 11 ref.
650 _aIrrigacao por Aspersao
650 _aInfiltrometro
650 _aAgua
650 _aEscoamento
909 _a202312
_bLúcia Elande
_c55
_dLúcia Elande
942 _2AGRIS
_n0
_cMS
999 _c287394
_d287394